[Event "Istanbul Open 2018"]
[Site "Istanbul"]
[Date "2018.09.08"]
[Round "9"]
[White "Topsir, Furkan"]
[Black "Sen, Irem"]
[Result "0-1"]
[WhiteElo "1550"]
[BlackElo "1670"]
[Annotator "NA"]
[PlyCount "84"]
[EventDate "2018.09.02"]
[EventType "swiss"]
[EventCountry "TUR"]
[SourceTitle "playchess.com"]
[Source "ChessBase"]
[SourceQuality "1"]
[TimeControl "5400+30"]

1. e4 {[%emt 0:00:30]} g6 {[%emt 0:00:30]} 2. d4 {[%emt 0:00:00]} Bg7 {[%emt 0:00:00]} 3. Nc3 {[%emt 0:00:00]} c6 {[%emt 0:00:00]} 4. Nge2 {[%emt 0:00:30]} d5 {[%emt 0:00:30]} 5. e5 {[%emt 0:04:30]} f6 {[%emt 0:02:30]} 6. exf6 {[%emt 0:07:30]} exf6 {[%emt 0:02:30]} 7. h3 {[%emt 0:02:30]} Ne7 {[%emt 0:02:30]} 8. g4 {[%emt 0:01:30]} Be6 {[%emt 0:20:30]} 9. Bg2 {[%emt 0:03:30]} Nd7 {[%emt 0:02:30]} 10. O-O {[%emt 0:18:30]} O-O {[%emt 0:05:30]} 11. Kh1 {[%emt 0:07:30]} Nb6 {[%emt 0:02:30]} 12. b3 {[%emt 0:02:30]} a5 {[%emt 0:03:30]} 13. a4 {[%emt 0:03:30]} Nbc8 {[%emt 0:02:30]} 14. Nf4 {[%emt 0:13:30]} Bf7 {[%emt 0:00:30]} 15. h4 {[%emt 0:04:30]} Nd6 {[%emt 0:06:30]} 16. Be3 {[%emt 0:12:21]} Qd7 {[%emt 0:16:30]} 17. Qf3 {[%emt 0:03:01]} Rae8 {[%emt 0:03:30]} 18. Rad1 {[%emt 0:02:13]} Nec8 {[%emt 0:02:30]} 19. Kh2 {[%emt 0:01:06]} Ne4 {[%emt 0:02:30]} 20. Nxe4 {[%emt 0:03:22]} dxe4 {[%emt 0:00:30]} 21. Qg3 {[%emt 0:00:00]} h6 {[%emt 0:11:28]} 22. Bh3 {[%emt 0:02:44]} g5 {[%emt 0:00:58]} 23. Nh5 {[%emt 0:01:57]} Be6 {[%emt 0:01:17]} 24. Nxg7 {[%emt 0:00:52]} Kxg7 {[%emt 0:00:06]} 25. f4 {[%emt 0:01:04]} exf3 {[%emt 0:01:25]} 26. Rxf3 {[%emt 0:02:12]} Bd5 {[%emt 0:00:01]} 27. Rf5 {[%emt 0:00:51]} Nd6 {[%emt 0:00:20]} 28. hxg5 {[%emt 0:01:04]} hxg5 {[%emt 0:03:11]} 29. Rdf1 {[%emt 0:00:38]} Qe6 {[%emt 0:00:39]} 30. Bxg5 {[%emt 0:00:25]} Ne4 {[%emt 0:02:29]} 31. Bxf6+ {[%emt 0:00:30]} Nxf6 {[%emt 0:00:55]} 32. Qh4 {[%emt 0:00:31]} Nh7 {[%emt 0:01:39]} 33. g5 {[%emt 0:00:26]} Qd6+ {[%emt 0:00:46]} 34. Kg1 {[%emt 0:00:19]} Be4 {[%emt 0:01:10]} 35. Rf6 {[%emt 0:00:49]} Qxd4+ {[%emt 0:00:32]} 36. Kh2 {[%emt 0:00:26]} Qd2+ {[%emt 0:00:23]} 37. R1f2 {[%emt 0:00:34]} Qxg5 {[%emt 0:00:33]} 38. Rh6 {[%emt 0:00:31]} Qxh4 {[%emt 0:00:22]} 39. Rxh4 {[%emt 0:00:09]} Rxf2+ {[%emt 0:00:04]} 40. Kg3 {[%emt 0:00:09]} Rf3+ {[%emt 0:00:08]} 41. Kg4 {[%emt 0:00:11]} Nf6+ {[%emt 0:00:16]} 42. Kg5 {[%emt 0:00:05]} Re5+ {[%emt 0:00:09]} 0-1

[Event "Istanbul Open 2018"]
[Site "Istanbul"]
[Date "2018.09.08"]
[Round "9"]
[White "Koc, Deniz"]
[Black "Yildiz, Erhan"]
[Result "*"]
[WhiteElo "1540"]
[BlackElo "1777"]
[Annotator "NA"]
[PlyCount "91"]
[EventDate "2018.09.02"]
[EventType "swiss"]
[EventCountry "TUR"]
[SourceTitle "playchess.com"]
[Source "ChessBase"]
[SourceQuality "1"]
[TimeControl "5400+30"]

1. e4 {[%emt 0:00:30]} e5 {[%emt 0:00:30]} 2. Nc3 {[%emt 0:00:00]} Nc6 {[%emt 0:00:30]} 3. Bc4 {[%emt 0:00:00]} Nf6 {[%emt 0:01:30]} 4. d3 {[%emt 0:00:30]} Bc5 {[%emt 0:01:30]} 5. f4 {[%emt 0:02:30]} d6 {[%emt 0:04:30]} 6. h3 {[%emt 0:23:30]} Na5 {[%emt 0:14:30]} 7. Bb3 {[%emt 0:05:30]} Nxb3 {[%emt 0:04:30]} 8. axb3 {[%emt 0:00:00]} c6 {[%emt 0:06:30]} 9. Qf3 {[%emt 0:08:00]} Qb6 {[%emt 0:07:30]} 10. Na4 {[%emt 0:00:30]} Qa5+ {[%emt 0:00:30]} 11. Bd2 {[%emt 0:00:30]} Bb4 {[%emt 0:00:30]} 12. c3 {[%emt 0:00:30]} b5 {[%emt 0:03:30]} 13. cxb4 {[%emt 0:00:30]} Qa6 {[%emt 0:00:00]} 14. fxe5 {[%emt 0:02:30]} dxe5 {[%emt 0:03:00]} 15. Qg3 {[%emt 0:02:30]} O-O {[%emt 0:03:30]} 16. Bh6 {[%emt 0:02:30]} Ne8 {[%emt 0:00:30]} 17. Be3 {[%emt 0:06:30]} f6 {[%emt 0:02:30]} 18. Ne2 {[%emt 0:01:30]} bxa4 {[%emt 0:00:30]} 19. Bc5 {[%emt 0:00:30]} Rf7 {[%emt 0:01:30]} 20. O-O {[%emt 0:02:30]} Be6 {[%emt 0:02:30]} 21. bxa4 {[%emt 0:00:30]} Rd7 {[%emt 0:01:30]} 22. Ra3 {[%emt 0:02:30]} Rad8 {[%emt 0:01:30]} 23. Nc1 {[%emt 0:01:30]} Qb7 {[%emt 0:02:30]} 24. Rf3 {[%emt 0:03:30]} Kh8 {[%emt 0:03:30]} 25. Nb3 {[%emt 0:00:30]} Nc7 {[%emt 0:02:30]} 26. Na5 {[%emt 0:01:30]} Qa6 {[%emt 0:00:30]} 27. Kh2 {[%emt 0:03:30]} Ne8 {[%emt 0:01:30]} 28. Qe1 {[%emt 0:02:30]} Nd6 {[%emt 0:03:30]} 29. Qc3 {[%emt 0:06:30]} Rc8 {[%emt 0:04:30]} 30. Qc2 {[%emt 0:03:30]} Nf7 {[%emt 0:03:30]} 31. Rc3 {[%emt 0:01:30]} Rdc7 {[%emt 0:04:09]} 32. Rf1 {[%emt 0:00:30]} Kg8 {[%emt 0:02:03]} 33. Rc1 {[%emt 0:03:11]} Nd8 {[%emt 0:07:48]} 34. Qd2 {[%emt 0:06:21]} Nb7 {[%emt 0:05:13]} 35. Nxb7 {[%emt 0:00:22]} Qxb7 {[%emt 0:00:38]} 36. Qc2 {[%emt 0:01:04]} Rd7 {[%emt 0:00:55]} 37. Bf2 {[%emt 0:00:31]} Qxb4 {[%emt 0:00:55]} 38. Rxc6 {[%emt 0:00:44]} Rxc6 {[%emt 0:01:13]} 39. Qxc6 {[%emt 0:00:06]} Kf7 {[%emt 0:00:10]} 40. Rc2 {[%emt 0:09:26]} f5 {[%emt 0:01:21]} 41. exf5 {[%emt 0:01:07]} Qf4+ {[%emt 0:00:30]} 42. Bg3 {[%emt 0:00:20]} Qxf5 {[%emt 0:00:05]} 43. Rf2 {[%emt 0:00:38]} Rxd3 {[%emt 0:01:15]} 44. Rxf5+ {[%emt 0:00:08]} Bxf5 {[%emt 0:00:12]} 45. Bxe5 {[%emt 0:00:25]} g5 {[%emt 0:00:32]} 46. Qf6+ {[%emt 0:00:37]} *

[Event "Istanbul Open 2018"]
[Site "Istanbul"]
[Date "2018.09.08"]
[Round "9"]
[White "Temizer, Umut"]
[Black "Can, Ilhan"]
[Result "1-0"]
[WhiteElo "1476"]
[BlackElo "1771"]
[Annotator "NA"]
[PlyCount "131"]
[EventDate "2018.09.02"]
[EventType "swiss"]
[EventCountry "TUR"]
[SourceTitle "playchess.com"]
[Source "ChessBase"]
[SourceQuality "1"]
[TimeControl "5400+30"]

1. e4 {[%emt 0:00:30]} b6 {[%emt 0:00:30]} 2. d4 {[%emt 0:01:30]} Bb7 {[%emt 0:00:00]} 3. Nc3 {[%emt 0:00:30]} e6 {[%emt 0:00:00]} 4. Nf3 {[%emt 0:01:30]} Bb4 {[%emt 0:01:30]} 5. Bd3 {[%emt 0:01:30]} c5 {[%emt 0:02:30]} 6. a3 {[%emt 0:02:30]} Bxc3+ {[%emt 0:04:30]} 7. bxc3 {[%emt 0:00:30]} c4 {[%emt 0:00:30]} 8. Bxc4 {[%emt 0:02:30]} Bxe4 {[%emt 0:00:30]} 9. O-O {[%emt 0:04:30]} Ne7 {[%emt 0:01:30]} 10. Ng5 {[%emt 0:05:30]} Bg6 {[%emt 0:03:30]} 11. Qf3 {[%emt 0:11:30]} Nbc6 {[%emt 0:02:30]} 12. Bd3 {[%emt 0:01:30]} O-O {[%emt 0:03:30]} 13. Bf4 {[%emt 0:10:30]} h6 {[%emt 0:08:30]} 14. Ne4 {[%emt 0:01:30]} d5 {[%emt 0:07:30]} 15. Ng3 {[%emt 0:02:30]} Bxd3 {[%emt 0:00:30]} 16. Qxd3 {[%emt 0:01:30]} Ng6 {[%emt 0:00:00]} 17. Bd2 {[%emt 0:00:30]} e5 {[%emt 0:03:00]} 18. Rae1 {[%emt 0:10:30]} e4 {[%emt 0:03:30]} 19. Qe2 {[%emt 0:00:30]} Na5 {[%emt 0:04:30]} 20. Nf5 {[%emt 0:02:30]} Nc4 {[%emt 0:00:30]} 21. Bc1 {[%emt 0:00:30]} Qf6 {[%emt 0:09:30]} 22. Qh5 {[%emt 0:02:30]} Rad8 {[%emt 0:09:30]} 23. f3 {[%emt 0:01:30]} e3 {[%emt 0:01:30]} 24. Nxe3 {[%emt 0:01:30]} Nxe3 {[%emt 0:00:30]} 25. Rxe3 {[%emt 0:01:30]} Nf4 {[%emt 0:04:30]} 26. Qe5 {[%emt 0:01:30]} Qg5 {[%emt 0:01:30]} 27. Qxg5 {[%emt 0:03:30]} hxg5 {[%emt 0:00:30]} 28. Re7 {[%emt 0:01:30]} Rc8 {[%emt 0:00:30]} 29. Bd2 {[%emt 0:02:30]} a5 {[%emt 0:01:30]} 30. g3 {[%emt 0:01:30]} Ne6 {[%emt 0:00:30]} 31. Rb7 {[%emt 0:02:30]} Rc6 {[%emt 0:00:30]} 32. Rb1 {[%emt 0:00:00]} Rfc8 {[%emt 0:02:30]} 33. R1xb6 {[%emt 0:01:00]} Rxc3 {[%emt 0:00:00]} 34. Bxc3 {[%emt 0:01:30]} Rxc3 {[%emt 0:00:00]} 35. Rb3 {[%emt 0:00:30]} Rxc2 {[%emt 0:00:30]} 36. Rd3 {[%emt 0:00:30]} Rc4 {[%emt 0:00:00]} 37. Rb5 {[%emt 0:00:30]} Nxd4 {[%emt 0:02:00]} 38. Rxa5 {[%emt 0:02:09]} Rc1+ {[%emt 0:01:30]} 39. Kg2 {[%emt 0:00:58]} Rc2+ {[%emt 0:00:30]} 40. Kh3 {[%emt 0:00:36]} Ne2 {[%emt 0:01:30]} 41. Raxd5 {[%emt 0:00:57]} Ng1+ {[%emt 0:00:30]} 42. Kg4 {[%emt 0:00:02]} f6 {[%emt 0:01:30]} 43. a4 {[%emt 0:01:22]} Kh7 {[%emt 0:00:30]} 44. Kf5 {[%emt 0:01:30]} Rf2 {[%emt 0:01:53]} 45. Ke4 {[%emt 0:01:03]} Ra2 {[%emt 0:01:29]} 46. a5 {[%emt 0:00:33]} Ne2 {[%emt 0:00:29]} 47. Kf5 {[%emt 0:00:59]} Nc1 {[%emt 0:00:48]} 48. Rd2 {[%emt 0:01:27]} Ra3 {[%emt 0:00:30]} 49. Ke6 {[%emt 0:00:05]} Nb3 {[%emt 0:02:47]} 50. R2d3 {[%emt 0:02:32]} Nc5+ {[%emt 0:00:18]} 51. Rxc5 {[%emt 0:00:08]} Rxd3 {[%emt 0:00:05]} 52. a6 {[%emt 0:00:14]} Ra3 {[%emt 0:00:41]} 53. Rc6 {[%emt 0:00:01]} Rxf3 {[%emt 0:00:40]} 54. a7 {[%emt 0:00:39]} Ra3 {[%emt 0:00:07]} 55. Rc7 {[%emt 0:00:18]} Ra6+ {[%emt 0:03:15]} 56. Kd7 {[%emt 0:00:50]} f5 {[%emt 0:00:20]} 57. Kc8 {[%emt 0:00:11]} f4 {[%emt 0:00:53]} 58. gxf4 {[%emt 0:00:11]} gxf4 {[%emt 0:00:07]} 59. Kb7 {[%emt 0:00:08]} Rxa7+ {[%emt 0:00:38]} 60. Kxa7 {[%emt 0:00:11]} Kh6 {[%emt 0:00:17]} 61. Kb6 {[%emt 0:01:21]} g5 {[%emt 0:00:09]} 62. Kc5 {[%emt 0:00:16]} g4 {[%emt 0:00:35]} 63. Kd4 {[%emt 0:00:12]} Kg5 {[%emt 0:01:05]} 64. Ke4 {[%emt 0:00:15]} g3 {[%emt 0:00:38]} 65. hxg3 {[%emt 0:00:10]} fxg3 {[%emt 0:00:09]} 66. Kf3 {[%emt 0:00:09]} 1-0

[Event "Istanbul Open 2018"]
[Site "Istanbul"]
[Date "2018.09.08"]
[Round "9"]
[White "Sedef, Elif Tuana"]
[Black "Genc, Nuri Gencay"]
[Result "0-1"]
[WhiteElo "1452"]
[BlackElo "1690"]
[Annotator "NA"]
[PlyCount "118"]
[EventDate "2018.09.02"]
[EventType "swiss"]
[EventCountry "TUR"]
[SourceTitle "playchess.com"]
[Source "ChessBase"]
[SourceQuality "1"]
[TimeControl "5400+30"]

1. e4 {[%emt 0:00:30]} c6 {[%emt 0:00:30]} 2. d4 {[%emt 0:00:00]} d5 {[%emt 0:00:00]} 3. Nc3 {[%emt 0:00:00]} dxe4 {[%emt 0:00:00]} 4. Nxe4 {[%emt 0:00:00]} Nd7 {[%emt 0:00:00]} 5. c3 {[%emt 0:01:00]} Ngf6 {[%emt 0:00:00]} 6. Bd3 {[%emt 0:01:30]} Nxe4 {[%emt 0:00:30]} 7. Bxe4 {[%emt 0:00:30]} Nf6 {[%emt 0:00:00]} 8. Bd3 {[%emt 0:02:30]} Bg4 {[%emt 0:00:00]} 9. Qb3 {[%emt 0:01:30]} Qb6 {[%emt 0:00:30]} 10. Bc4 {[%emt 0:08:30]} Qxb3 {[%emt 0:00:30]} 11. Bxb3 {[%emt 0:01:30]} e6 {[%emt 0:00:00]} 12. Bf4 {[%emt 0:07:30]} Nd5 {[%emt 0:00:00]} 13. Bg3 {[%emt 0:02:30]} h5 {[%emt 0:01:30]} 14. Bxd5 {[%emt 0:09:30]} cxd5 {[%emt 0:00:00]} 15. h3 {[%emt 0:01:30]} Bf5 {[%emt 0:00:00]} 16. Ke2 {[%emt 0:07:30]} f6 {[%emt 0:00:30]} 17. Nf3 {[%emt 0:10:30]} g5 {[%emt 0:00:30]} 18. Nd2 {[%emt 0:09:30]} h4 {[%emt 0:00:30]} 19. Bh2 {[%emt 0:00:30]} Rc8 {[%emt 0:00:30]} 20. f3 {[%emt 0:10:30]} Kd7 {[%emt 0:00:30]} 21. Nf1 {[%emt 0:05:09]} Be7 {[%emt 0:01:30]} 22. Ne3 {[%emt 0:01:35]} Bg6 {[%emt 0:00:30]} 23. Ng4 {[%emt 0:03:54]} Bf5 {[%emt 0:00:30]} 24. Nf2 {[%emt 0:02:44]} Rc6 {[%emt 0:00:30]} 25. Nd3 {[%emt 0:02:40]} Rhc8 {[%emt 0:00:00]} 26. Nc1 {[%emt 0:05:38]} b5 {[%emt 0:02:00]} 27. a3 {[%emt 0:02:27]} Ra6 {[%emt 0:07:30]} 28. Na2 {[%emt 0:01:40]} Rac6 {[%emt 0:01:30]} 29. Nb4 {[%emt 0:00:49]} Rc4 {[%emt 0:00:30]} 30. Nd3 {[%emt 0:00:39]} a5 {[%emt 0:00:30]} 31. Rhc1 {[%emt 0:00:33]} Bf8 {[%emt 0:18:30]} 32. Bg1 {[%emt 0:00:33]} Ke8 {[%emt 0:03:30]} 33. Nc5 {[%emt 0:00:31]} a4 {[%emt 0:01:30]} 34. Be3 {[%emt 0:00:28]} Kf7 {[%emt 0:01:30]} 35. Nd7 {[%emt 0:00:28]} R4c6 {[%emt 0:00:30]} 36. Nxf8 {[%emt 0:00:26]} Rxf8 {[%emt 0:01:30]} 37. Kd2 {[%emt 0:00:38]} Kg6 {[%emt 0:04:30]} 38. Re1 {[%emt 0:00:25]} e5 {[%emt 0:00:30]} 39. Bf2 {[%emt 0:00:32]} Re6 {[%emt 0:00:30]} 40. Re2 {[%emt 0:00:33]} Rfe8 {[%emt 0:00:30]} 41. Rae1 {[%emt 0:00:27]} e4 {[%emt 0:00:30]} 42. Re3 {[%emt 0:00:30]} exf3 {[%emt 0:03:30]} 43. Rxf3 {[%emt 0:00:30]} Be4 {[%emt 0:00:30]} 44. Rfe3 {[%emt 0:00:08]} f5 {[%emt 0:00:30]} 45. R3e2 {[%emt 0:00:55]} Kf6 {[%emt 0:00:30]} 46. Bg1 {[%emt 0:00:30]} Bxg2 {[%emt 0:01:30]} 47. Rxe6+ {[%emt 0:00:27]} Rxe6 {[%emt 0:00:30]} 48. Rxe6+ {[%emt 0:00:13]} Kxe6 {[%emt 0:00:00]} 49. Ke2 {[%emt 0:00:37]} Bxh3 {[%emt 0:00:00]} 50. Kf2 {[%emt 0:00:42]} Bg4 {[%emt 0:00:30]} 51. Kg2 {[%emt 0:00:27]} Bd1 {[%emt 0:00:00]} 52. Bh2 {[%emt 0:00:35]} f4 {[%emt 0:00:00]} 53. Kf2 {[%emt 0:00:25]} Kf5 {[%emt 0:00:30]} 54. Ke1 {[%emt 0:00:28]} Bh5 {[%emt 0:00:00]} 55. Kd2 {[%emt 0:00:32]} g4 {[%emt 0:00:00]} 56. Bg1 {[%emt 0:00:22]} g3 {[%emt 0:00:30]} 57. Ke1 {[%emt 0:00:19]} h3 {[%emt 0:00:30]} 58. Kf1 {[%emt 0:00:30]} Bf3 {[%emt 0:00:00]} 59. Ke1 {[%emt 0:00:16]} h2 {[%emt 0:00:00]} 0-1